00483nam a2200193Ia 4500003000400000005001700004008004100021020002200062040000700084041000800091082002100099100001900120245004000139260005100179300001800230365001300248440000600261650002200267OSt20230616151641.0210423s2018 xx 000 0 und d a978-81-239-1874-7 cAL aeng a547.7 223bKARC aKAR (Ashutosh) aChemistry of natural products Vol 1 aNew DelhibCBS Publishers & Distributorsc2018 axviii,501bPB b525cINR v1 aOrganic Chemistry